| 000 | 01456ngm a22003970a 4500 | ||
|---|---|---|---|
| 001 | PT47235 | ||
| 003 | AR-LpoUNG | ||
| 005 | 20210202000007.0 | ||
| 007 | vd cvaizq | ||
| 008 | 191001s2008||||ag |||||||||||||||||eng d | ||
| 040 |
_aAR-LpoUNG _bspa _cAR-LpoUNG _eaacr |
||
| 041 |
_aeng _aspa |
||
| 044 | _aag | ||
| 082 | 0 | _a307.72 177tex | |
| 100 | 1 |
_aBaldi, Ferdinando _edir. |
|
| 245 | 1 | 0 | _aTexas, adiós |
| 260 |
_aSan Luis : _bAVH, _c2008. |
||
| 300 | _aDVD (90 min.) : son., col. | ||
| 505 | 0 | _aHecha en 1967. Subtitulada en castellano. Protagonistas: Franco Nero, Cole Kitosch, Elisa Montés, José Suárez. Música: Antón García Abril. Fotografía: Enzo Barboni. Guión: Ferdinando Baldi, Franco Rossetti. | |
| 520 | _aBurt Sullivan es un sheriff en una población de Texas. Conoce al fin la identidad del asesino de su padre y decide viajar al vecino México, donde el asesino es cacique de un cierto área. Su hermano pequeño, Jim, se ve obligado contra su voluntad a acompañarle y juntos descubrirán que el cacique es algo más que el asesino de su padre. | ||
| 650 | 4 | _aCOMUNIDADES RURALES | |
| 650 | 4 | _aDELITOS | |
| 650 | 4 | _aESTADOS UNIDOS | |
| 650 | 4 | _aJUSTICIA | |
| 650 | 4 | _aMEXICO | |
| 650 | 4 | _aOESTE | |
| 650 | 4 | _aRELACIONES PERSONALES | |
| 651 | 4 | _aMéxico | |
| 653 | _aACCION | ||
| 653 | _aCINE ITALIANO | ||
| 653 | _aDVD | ||
| 653 | _aVIDEOS | ||
| 653 | _aWESTERN | ||
| 905 | _a47235 | ||
| 942 | _cDVD | ||
| 999 |
_c53931 _d53931 |
||